Country by Its National Animal - Statistics

General Stats
  • This quiz has been taken 37 times
  • The average score is 7 of 9
Answer Stats
Animal Answer % Correct
The Bald Eagle is the national animal of this country USA
97%
The Kangaroo is a national symbol of this country Australia
94%
The Giant Panda is a beloved symbol of this country China
82%
The Beaver is a key symbol for this country Canada
79%
The Lion is the national animal of this African nation Kenya
73%
The Malayan Tiger symbolizes this Southeast Asian country Malaysia
73%
The Unicorn is the official national animal of this country Scotland
70%
The Arabian Oryx is the national animal of this Middle Eastern country United Arab Emirates
64%
The Andean Condor represents this South American nation Colombia
61%
No matching quizzes found
Score Distribution
Percent of People with Each Score
Percentile by Number Answered
Your Score History
You have not taken this quiz